Psychologické problémy teorie učení

Gespeichert in:
Bibliographische Detailangaben
1. Verfasser: Linhart, Josef
Format: Buch
Sprache:Tschechisch
Veröffentlicht: Praha ČSAV 1965
Tags: Tag hinzufügen
Keine Tags, Fügen Sie das erste Tag hinzu!

MARC

LEADER 00000nam a2200000 4500
001 c122915
005 20221207071341.4
041 0 |a cze 
044 |a CZ 
245 1 0 |a Psychologické problémy teorie učení  |c Josef Linhart 
264 1 |a Praha  |b ČSAV  |c 1965 
300 |a 351 s. 
100 1 |a Linhart, Josef